Ancient City by Clue - Statistics

General Stats
  • This quiz has been taken 32 times
  • The average score is 9 of 20
Answer Stats
Clue City % Correct
Throughout its existence, this city has been the capital of a kingdom, a republic and an empire. A tiny city-state currently exists within the city. Rome
92%
The capital city of Egypt during the Ptolemaic period. Alexandria
88%
Founded by the Phoenicians, this city later became the capital of a large Mediterranean empire. Another great power of the ancient Mediterranean, mentioned elsewhere in the quiz, eventually took control of the city. Carthage
68%
This city, while no longer a capital today, served as the capital of various civilisations between the 4th century and the early 20th century. It is one of a small number of cities that are transcontinental. Istanbul
68%
One of the many city-states or poleis of Ancient Greece, it was located on the isthmus that joins the Peloponnese to the Greek mainland. It is also the namesake of one of the classical orders of architecture. Corinth
60%
This city served as the ceremonial capital of the Achaemenid Empire after it was built by Darius the Great. Persepolis
60%
A Mayan city, which controlled much of the territory inhabited by the civilisation between c. 200 to 900 AD. Tikal
48%
Currently the fourth largest city in Sweden, this city (located slightly further north than its original position) was once an important Norse religious site. Uppsala
48%
This English city was originally founded by the Romans, though people had occupied the site beforehand. It served as a capital of the Kingdom of Northumbria and of the British territory held by the Vikings. The city is probably most famous for its minster. York
48%
This city, located within the southern part of the Arabian Peninsula, was once the capital of the Sabaeans and subsequently the Himyarite Kingdom. Despite the fact that these two civilisations no longer exist, the city still functions as a capital. Sana'a
44%
A major Sumerian city and the namesake of a period in the history of Mesopotamia. According to legend, Gilgamesh ruled over the city in the 27th century BC. Uruk
44%
A city, located in what is now Ethiopia, that shares its name with the kingdom or empire that it was the capital of. Several tall stelae or obelisks can be found at the site. Aksum
36%
Beginning with the letter "L", this city is one of the Four Great Ancient Capitals of China. Luoyang
36%
This Indian city was once the capital of the Maurya and Gupta Empires, among others. Patna
36%
This city, located in the Valley of Mexico, had a great influence on various Mesoamerican civilisations, both at the time of its existence and after. The Pyramid of the Sun is the site's largest structure. Teotihuacan
36%
The last capital of the Kingdom of Kush, located in modern Sudan. Many pyramids can be found at the site. Meroë
20%
One of the major cities of the Indus Valley civilisation. It is divided into two parts: the Citadel and the Lower City. Mohenjo-daro
20%
A city built by the Norte Chico civilisation of Peru. It is the most ancient city of the Americas. Caral
8%
The first capital city of the Zapotec civilisation, located on a ridge in the Valley of Oaxaca. Monte Albán
8%
Located near to Lake Titicaca in western Bolivia, this city was the capital of a civilisation (both the city and the civilisation share the same name). The most famous monument at the site is probably the Gate of the Sun. Tiwanaku
8%
No matching quizzes found
Score Distribution
Percent of People with Each Score
Percentile by Number Answered
Your Score History
You have not taken this quiz